000 00826nam a2200253Ia 4500
003 OSt
005 20220918170450.0
006 a|||||r|||| 00| 0
007 ta
008 220917b |||||||| |||| 00| 0 eng d
020 _a9780231137423 (hbk)
024 _a232,838
037 _b84640, 17/10/2007, International Book Distributors
_cTextual
040 _aARTS
_cARTS
_beng
041 _2eng
_aeng
082 _aY73(Q7):345, P7
100 _aHolevil Leor
_929217
245 0 _aMuhammad's grave
_b death rites and the making of Islamic society
260 _aNew York
_bColumbia University Press U. S. A.
_c2007
300 _axiii, 400p.
_ccm.
650 _aSOCIOLOGY
942 _hY73(Q7):345, P7
_cTEXL
_2CC
999 _c134273
_d134273